Русские поэты XVIII-XIX веков: Антология

Manylion Llyfryddiaeth
Awduron Eraill: Коровин В. И. Валентин Иванович
Crynodeb:В настоящий том вошли избранные произведения русских поэтов XVIII - XIX веков, от М. В. Ломоносова до А. И. Бунина. Издание снабжено иллюстрациями.
Iaith:Rwseg
Cyhoeddwyd: Москва, Детская литература, 1985
Cyfres:Библиотека мировой литературы для детей
Pynciau:
Fformat: Llyfr
KOHA link:https://koha.lib.tpu.ru/cgi-bin/koha/opac-detail.pl?biblionumber=176944

MARC

LEADER 00000nam0a2200000 4500
001 176944
005 20231031165419.0
035 |a (RuTPU)RU\TPU\book\191850 
090 |a 176944 
100 |a 20100310d1985 u a0rusy5003 ca 
101 0 |a rus 
102 |a RU 
105 |a a z 000ay 
200 1 |a Русские поэты XVIII-XIX веков  |e Антология  |f cост. В. И. Коровина, В. А. Сайтанова  |g вступ. ст. Н. В. Банникова; ил. Н. И. Калиты 
210 |a Москва  |c Детская литература  |d 1985 
215 |a 735 с.  |c 8 л. ил. 
225 1 |a Библиотека мировой литературы для детей 
330 |a В настоящий том вошли избранные произведения русских поэтов XVIII - XIX веков, от М. В. Ломоносова до А. И. Бунина. Издание снабжено иллюстрациями. 
610 1 |a детская литература 
610 1 |a русские поэты 
610 1 |a поэты 
675 |a Р1  |z rus 
702 1 |a Коровин  |b В. И.  |g Валентин Иванович 
801 2 |a RU  |b 63413507  |c 20100310  |g RCR 
942 |c BK